Normal view
MARC view
- O, leary ,Timothy J, Lindal.O,Leary. Daniel A O.Leary
Entry Personal Name
001 - CONTROL NUMBER
- control field: 6354
003 - CONTROL NUMBER IDENTIFIER
- control field: JO-AjAnu
005 - DATE AND TIME OF LATEST TRANSACTION
- control field: 20230606071329.0
008 - FIXED-LENGTH DATA ELEMENTS
- fixed length control field: 230606|| aca||aabn | a|a d
040 ## - CATALOGING SOURCE
- Original cataloging agency: JO-AjAnu
- Transcribing agency: JO-AjAnu
100 ## - HEADING--PERSONAL NAME
- Personal name: O, leary ,Timothy J, Lindal.O,Leary. Daniel A O.Leary
670 ## - SOURCE DATA FOUND
- Source citation: Work cat.: (JO-AjAnu)3291: O, leary ,Timothy J, Lindal.O,Leary. Daniel A O.Leary, author, Computing Essentials